000 00469nam a2200181Ia 4500
005 20250508155459.0
008 008 250505s9999 xx 000 0 eng d
037 _aTextual
040 _aFEDL
_beng
_cFEDL
041 _aeng
_2eng
084 _a420.7, GOK
_qFEDL
100 _aGokak V K
_9422301
245 0 _aEnglish in India : A national perspective
260 _c1960
300 _a61p.
942 _cTEXL
_h420.7, GOK
999 _c1357186
_d1357186